Rowdy Roddy Piper's career matches - Statistics

General Stats
  • This quiz has been taken 221 times
    187 since last reset
  • The average score is 58 of 128
Answer Stats
Answer % Correct
Hulk Hogan
98%
Bret "Hit Man" Hart
94%
Ric Flair
94%
"Superfly" Jimmy Snuka
94%
"Macho Man" Randy Savage
92%
Andre the Giant
90%
Greg "The Hammer" Valentine
88%
"Mr. Wonderful" Paul Orndorff
86%
Jake "The Snake" Roberts
84%
Ricky "The Dragon" Steamboat
84%
Dusty Rhodes
82%
Mr. Perfect
82%
"Ravishing" Rick Rude
82%
"Cowboy" Bob Orton
80%
Ole Anderson
80%
Scott Hall
80%
Tito Santana
80%
Bad News Brown
78%
The Iron Sheik
78%
Don Muraco
76%
Adrian Adonis
72%
Barry Windham
72%
Dory Funk Jr.
72%
Jerry "The King" Lawler
72%
Rick Martel
72%
Rocky Johnson
72%
Terry Funk
72%
Tony Atlas
72%
Bruno Sammartino
70%
David Sammartino
70%
"Million Dollar Man" Ted Dibiase
70%
The Mountie
70%
B. Brian Blair
68%
Bob Backlund
68%
Dino Bravo
68%
Harley Race
68%
Junkyard Dog
68%
"Superstar" Billy Graham
68%
Haku
66%
Hector Guerrero
66%
Joe Blanchard
66%
Shawn Michaels
66%
The Undertaker
66%
Chavo Guerrero
64%
Earthquake
64%
Gory Guerrero
64%
Hercules
64%
Jack Brisco
64%
Mando Guerrero
64%
Abdullah the Butcher
60%
Pat Patterson
58%
S.D. Jones
58%
The Barbarian
58%
Goldust
56%
Mr. T
56%
Paul Jones
54%
Sgt. Slaughter
54%
Blackjack Mulligan
52%
Buff Bagwell
52%
Ivan Koloff
52%
Larry "The Ax" Hennig
50%
Tommy Rich
50%
Barry Horowitz
46%
Hillbilly Jim
44%
Bobby "The Brain" Heenan
42%
Lord Alfred Hayes
42%
Ron Bass
42%
Wahoo McDaniel
42%
Antonio Inoki
40%
Buddy Rose
40%
Jimmy Valiant
40%
Rip Rogers
40%
Dick Slater
38%
Ivan Putski
38%
Rikishi
38%
The Brooklyn Brawler
38%
Blackjack Lanza
36%
Bob Armstrong
36%
Frankie Williams
36%
Larry Zbyszko
36%
Luke Williams
36%
Repo Man
36%
Skinner
36%
Stan Stasiak
36%
Chief Jay Strongbow
34%
Tatsumi Fujinami
30%
George Wells
28%
Jay Youngblood
28%
Angelo Mosca
24%
Masked Superstar
24%
Uncle Elmer
24%
Ray Stevens
22%
Rick McGraw
22%
Riki Choshu
22%
Johnny Rodz
20%
Lanny Poffo
20%
Tony Garea
20%
Buzz Sawyer
18%
Pat Tanaka
18%
Carlito Carribean Cool
16%
Genichiro Tenryu
14%
Matt Borne
14%
Maurice "Mad Dog" Vachon
14%
Paul "Butcher" Vachon
14%
Shohei "Giant" Baba
14%
The Tonga Kid
14%
Barry O
12%
John Tolos
12%
Salvatore Bellomo
12%
The Miz
12%
Don Kernodle
10%
Gene Kiniski
10%
The 1-2-3 Kid
10%
Jose Luis Rivera
8%
Pez Whatley
8%
Strong Kobayashi
8%
Frenchy Martin
6%
General Adnan
4%
Jumbo Tsuruta
4%
Scott McGhee
4%
Conquistador Uno
2%
Red Bastien
2%
Robbie E
2%
Seiji Sakaguchi
2%
The Great Kabuki
2%
Kim Duk
0%
Samula
0%
Super Destroyer
0%
No matching quizzes found
Score Distribution
Percent of People with Each Score
Percentile by Number Answered
Your Score History
You have not taken this quiz since the last reset